| 000 | 01098cad a22002295a 4500 | ||
|---|---|---|---|
| 001 | E147427 | ||
| 008 | 090511s2009 xxk f 000 0 eng d | ||
| 035 | _a(Sirsi) u147427 | ||
| 041 | 0 | _aeng | |
| 050 | 0 | 4 | _a333.33 $2 18 |
| 110 | 2 |
_aJones Lang LaSalle _93755 |
|
| 245 | 0 | 0 |
_aPulse _bEuropean office property clock, Q1 2009 _h[electronic resource] |
| 260 |
_a[S.l.] _bJLL _c2009 |
||
| 490 | 0 |
_aJLL European Office Property Clock _vFirst Quarter 2009 |
|
| 520 | _aSuggests that the economic downturn in the Eurozone is continuing to affect the office market, with prime office rents falling at an increased pace. The European Office Rental Index, which is based on the performance of 24 markets, fell by 8.0% in Q1 2009, the biggest fall the Index has seen. Prime rents are now 11.1% lower than a year ago. | ||
| 521 | _aAdvanced | ||
| 590 | _aKA | ||
| 651 | 4 | _aEurope | |
| 690 | _aPROPERTY-COMMERCIAL PROPERTY-OFFICE PROPERTY-OFFICE MARKET | ||
| 856 | 4 | 0 |
_uhttps://www.joneslanglasalle.eu _zView the research free of charge (requires registration) at www.joneslanglasalle.eu... |
| 942 | _n0 | ||
| 999 |
_c109553 _d109553 |
||